[Event "2nd President's Cup"]
[Site "Baku AZE"]
[Date "2007.05.07"]
[Round "5"]
[White "Davidov,S"]
[Black "Shanava,K"]
[Result "0-1"]
[WhiteElo "2326"]
[BlackElo "2532"]
[EventDate "2007.05.03"]

1. e4 c5 2. f4 Nc6 3. Nc3 g6 4. g3 Bg7 5. Bg2 d6 6. d3 Nf6 7. h3 Rb8 8.
Nge2 Nd7 9. g4 O-O 10. O-O b5 11. f5 c4 12. d4 b4 13. Nd5 c3 14. bxc3 bxc3
15. Be3 Ba6 16. Ndxc3 Rc8 17. Rb1 Qa5 18. Rf2 Nb6 19. Rb3 Bc4 20. g5 Bxb3
21. axb3 Rfe8 22. f6 exf6 23. gxf6 Bf8 24. Qd2 Nd7 25. h4 Nd8 26. Bh3 Ne6
27. d5 Nec5 28. Ng3 Rc7 29. Bd4 Ne5 30. h5 Qb4 31. Qe3 Ncd3 32. cxd3 Rxc3
33. Bxc3 Qxc3 34. hxg6 hxg6 35. Ra2 Rb8 36. Rxa7 Rxb3 37. Ra8 Rb1+ 38. Nf1
Qc1 39. Qxc1 Rxc1 40. d4 Nf3+ 41. Kf2 Nxd4 42. e5 Rc2+ 43. Ke1 Re2+ 44. Kd1
Rxe5 45. Kd2 Nf3+ 46. Kc3 Ng5 47. Bg2 Re2 48. Bh1 Re1 49. Bg2 Re2 50. Bh1
Rf2 51. Nd2 Rxf6 52. Ne4 Nxe4+ 53. Bxe4 Kg7 54. Kd3 Rf2 55. Ke3 Rb2 56. Re8
Rb7 57. Bf3 Re7+ 58. Rxe7 Bxe7 0-1

[Event "2nd President's Cup"]
[Site "Baku AZE"]
[Date "2007.05.07"]
[Round "5"]
[White "Laciner,K"]
[Black "Miezis,N"]
[Result "0-1"]
[WhiteElo "2304"]
[BlackElo "2521"]
[EventDate "2007.05.03"]

1. d4 Nf6 2. c4 e5 3. dxe5 Ng4 4. e3 Nxe5 5. Nc3 d6 6. b3 g6 7. Bb2 Bg7 8.
Nge2 O-O 9. Nf4 Nbd7 10. Be2 Nc5 11. O-O a5 12. a3 Re8 13. b4 Ne6 14. Qd2
b6 15. Nfd5 Ba6 16. b5 Bb7 17. f4 Nd7 18. Bf3 Nec5 19. Rae1 Nf6 20. Qc2 Rb8
21. Re2 Nxd5 22. Bxd5 Bxd5 23. Nxd5 Ne4 24. Bxg7 Kxg7 25. Qb2+ f6 26. g4
Kf7 27. Rg2 Qd7 28. Qd4 c6 29. bxc6 Qxc6 30. Rb2 Qc5 31. Qxc5 Nxc5 32. Rfb1
Na4 33. Rb3 Rb7 34. Kf2 Rc8 35. Kf3 Rxc4 36. Nxb6 Rc3 37. Rxc3 Nxc3 38. Rc1
Nb5 39. Nc4 a4 40. Rb1 Nd4+ 41. exd4 Rxb1 42. Nxd6+ Ke6 43. Nc4 Kd5 0-1

[Event "2nd President's Cup"]
[Site "Baku AZE"]
[Date "2007.05.07"]
[Round "5"]
[White "Zinchenko,Ya"]
[Black "Bregadze,L"]
[Result "1/2-1/2"]
[WhiteElo "2513"]
[BlackElo "2302"]
[EventDate "2007.05.03"]

1. e4 c6 2. d4 d5 3. e5 Bf5 4. h4 h5 5. c4 e6 6. Bg5 Qb6 7. Qd2 dxc4 8. Nc3
Be7 9. Bxc4 Bxg5 10. hxg5 Ne7 11. Nge2 Nd7 12. Ng3 O-O-O 13. Na4 Qc7 14.
Qb4 c5 15. Nxc5 Nc6 16. Qc3 1/2-1/2

[Event "2nd President's Cup"]
[Site "Baku AZE"]
[Date "2007.05.07"]
[Round "5"]
[White "Babaev,Ra"]
[Black "Bayramov,V"]
[Result "0-1"]
[WhiteElo "2510"]
[BlackElo "2298"]
[EventDate "2007.05.03"]

1. e4 e5 2. d4 exd4 3. Qxd4 Nc6 4. Qe3 Nf6 5. Nc3 Bb4 6. Bd2 O-O 7. O-O-O
Re8 8. Qg3 Rxe4 9. a3 Bd6 10. f4 Re8 11. Bd3 Bc5 12. Nf3 d6 13. f5 Be3 14.
Bxe3 Rxe3 15. Qf4 Re8 16. g4 Nd7 17. g5 Nde5 18. Be4 Nxf3 19. Bxf3 Ne5 20.
Bg2 Bd7 21. Bxb7 Rb8 22. Bg2 Qc8 23. Rhf1 Qa6 24. Qd4 Rxb2 25. a4 Reb8 26.
g6 Qb6 27. gxf7+ Kf8 28. Qxb6 R2xb6 29. Bd5 Rb4 30. Bb3 Bc6 31. Nd5 Bxd5
32. Rxd5 c5 33. f6 g6 34. Rxd6 c4 35. Re1 Nxf7 36. Rd7 cxb3 37. Ree7 b2+
38. Kb1 Ng5 39. Rxa7 Rf4 40. Reb7 Rxb7 41. Rxb7 Rxa4 42. Kxb2 Rf4 43. Kb3
Rxf6 0-1

[Event "2nd President's Cup"]
[Site "Baku AZE"]
[Date "2007.05.07"]
[Round "5"]
[White "Khotenashvili,B"]
[Black "Abbasov,F"]
[Result "0-1"]
[WhiteElo "2301"]
[BlackElo "2509"]
[EventDate "2007.05.03"]

1. e4 d5 2. exd5 Qxd5 3. Nc3 Qa5 4. d4 Nf6 5. Nf3 Nc6 6. h3 Bf5 7. Bc4
O-O-O 8. O-O e6 9. a3 Bg6 10. Be3 Nd5 11. Bd2 Nxc3 12. bxc3 Bd6 13. a4 a6
14. Be2 e5 15. c4 Bb4 16. Bxb4 Nxb4 17. c3 Nc2 18. Nxe5 Nxa1 19. Qxa1 Rhe8
20. f4 f6 21. Bg4+ Kb8 22. Nd7+ Ka7 23. Nc5 Re3 24. Qb2 b6 25. Ne6 Rd7 26.
f5 h5 27. Nf8 Rd8 28. Nxg6 hxg4 29. hxg4 Qxc3 30. Qxc3 Rxc3 31. c5 Rxd4 32.
cxb6+ cxb6 33. Re1 Rc7 0-1

[Event "2nd President's Cup"]
[Site "Baku AZE"]
[Date "2007.05.07"]
[Round "5"]
[White "Gavasheli,A"]
[Black "Aroshidze,L"]
[Result "1/2-1/2"]
[WhiteElo "2175"]
[BlackElo "2500"]
[EventDate "2007.05.03"]

1. c4 e5 2. g3 Nc6 3. Bg2 g6 4. d3 Bg7 5. Nc3 d6 6. Nf3 f5 7. O-O h6 8. Rb1
Nf6 9. Bd2 O-O 10. b4 Be6 11. b5 Ne7 12. a4 b6 13. a5 Rc8 14. axb6 axb6 15.
Na2 g5 16. Bc3 Ng6 17. Nb4 g4 18. Nd2 h5 19. Bb7 h4 20. Bxc8 Qxc8 21. e3 f4
22. exf4 exf4 23. Bxf6 Bxf6 24. Ne4 Bg7 25. Nc6 Qd7 26. Rb4 Bf5 27. Re1 Kh8
28. Qc1 Qf7 29. Qd2 Bd7 30. d4 Qf5 31. Rbb1 Kh7 32. Nc3 fxg3 33. fxg3 Bh6
34. Qe2 Re8 35. Qf2 Qxf2+ 36. Kxf2 Rf8+ 37. Kg1 Bd2 38. Nd5 Bxe1 39. Rxe1
hxg3 40. hxg3 Rf3 41. Kg2 Bf5 42. Nxc7 Rc3 43. Nd5 Rxc4 44. Nxb6 Rc2+ 45.
Kg1 Rc3 46. Kf2 Rf3+ 47. Kg2 Rb3 48. Nc4 Rxb5 49. Nxd6 Rb2+ 50. Kg1 Bd3 51.
Ne5 Be2 52. Nxg6 Kxg6 53. Kf2 Bf3+ 54. Ke3 Kg5 55. Ne4+ Kf5 56. Nd2 Ra2 57.
Nxf3 Ra3+ 58. Kf2 Rxf3+ 59. Kg2 Rd3 60. Re5+ Kf6 1/2-1/2

[Event "2nd President's Cup"]
[Site "Baku AZE"]
[Date "2007.05.07"]
[Round "5"]
[White "Magalashvili,D"]
[Black "Agayev,N"]
[Result "1/2-1/2"]
[WhiteElo "2474"]
[BlackElo "2306"]
[EventDate "2007.05.03"]

1. d4 d5 2. c4 dxc4 3. Nf3 Nf6 4. e3 e6 5. Bxc4 c5 6. O-O a6 7. dxc5 Qxd1
8. Rxd1 Bxc5 9. b3 b5 10. Be2 Bb7 11. Bb2 Nbd7 12. Nbd2 O-O 13. a4 bxa4 14.
bxa4 Rab8 15. Nc4 Bd5 16. Nfd2 Rfc8 17. Kf1 Bb4 18. e4 Nxe4 19. Nxe4 Bxc4
20. Bxg7 Bxe2+ 21. Kxe2 Nc5 22. Nxc5 Rxc5 23. Bd4 Rc2+ 24. Kd3 Rbc8 25. a5
Bf8 26. Ra4 1/2-1/2

[Event "2nd President's Cup"]
[Site "Baku AZE"]
[Date "2007.05.07"]
[Round "5"]
[White "Badalov,S"]
[Black "Morchiashvili,B"]
[Result "0-1"]
[WhiteElo "2245"]
[BlackElo "2396"]
[EventDate "2007.05.03"]

1. e4 c6 2. Nf3 d5 3. exd5 cxd5 4. c4 Nf6 5. cxd5 Nxd5 6. Nc3 Nxc3 7. bxc3
g6 8. Bc4 Bg7 9. O-O O-O 10. Re1 Nc6 11. d4 Bg4 12. Bg5 Qa5 13. Bd2 Qc7 14.
Rc1 Ne5 15. Be2 Bxf3 16. dxe5 Bd5 17. Bf4 Rfd8 18. Bf3 e6 19. Qe2 Rac8 20.
Qe3 Bxf3 21. Qxf3 b6 22. h4 h5 23. Re4 Qc6 24. Bg5 Rd5 25. Qe3 Qc5 26. Bf6
Qxe3 27. Rxe3 Bh6 28. Bg5 Bxg5 29. hxg5 Rc4 30. g3 Rg4 31. c4 Rc5 32. Ra3
Rxg5 33. f4 Rg4 34. Kf2 h4 35. Rxa7 g5 36. fxg5 hxg3+ 37. Kg2 Rxe5 38. Rf1
Re2+ 39. Kf3 g2 40. Rg1 Ree4 41. g6 Ref4+ 42. Ke3 Rf1 43. gxf7+ Kg7 0-1

[Event "2nd President's Cup"]
[Site "Baku AZE"]
[Date "2007.05.07"]
[Round "5"]
[White "Gassanov,A"]
[Black "Lomsadze,D"]
[Result "0-1"]
[WhiteElo "2353"]
[BlackElo "2268"]
[EventDate "2007.05.03"]

1. e4 e5 2. Nf3 Nc6 3. Bc4 Nf6 4. d3 h6 5. c3 g6 6. O-O Bg7 7. Nbd2 O-O 8.
Bb3 d6 9. Nc4 Nh5 10. Ne3 Kh7 11. Kh1 Na5 12. Bc2 c5 13. d4 cxd4 14. cxd4
Nc6 15. d5 Ne7 16. Ne1 Nf4 17. g3 Nh5 18. f4 exf4 19. gxf4 f5 20. exf5 Nxf5
21. Rg1 Qh4 22. Qf3 Bd7 23. Bd2 Rae8 24. Nc4 Re2 25. Rg2 Nhg3+ 26. Kg1 Bd4+
27. Be3 Nxe3 28. Bxg6+ 0-1

[Event "2nd President's Cup"]
[Site "Baku AZE"]
[Date "2007.05.07"]
[Round "5"]
[White "Allahverdiev,E"]
[Black "Zozulia,A"]
[Result "1/2-1/2"]
[WhiteElo "2124"]
[BlackElo "2344"]
[EventDate "2007.05.03"]

1. Nf3 g6 2. d4 Bg7 3. c4 d6 4. g3 c6 5. Bg2 Nf6 6. O-O O-O 7. Nc3 Qa5 8.
a3 Qh5 9. Re1 Re8 10. e4 e5 11. d5 Bg4 12. Qd3 a5 13. Nd2 cxd5 14. Nxd5
Nxd5 15. cxd5 Na6 16. Rb1 Nc5 17. Qf1 Bf8 18. h3 Bd7 19. Nf3 Bxh3 20. Bxh3
Qxf3 21. Re3 Qf6 22. b4 axb4 23. axb4 Na4 24. Qb5 Qd8 25. Ra3 Nb6 26. Rxa8
Nxa8 27. Be3 Nc7 28. Qxb7 Qb8 29. Qc6 f5 30. exf5 Nb5 31. fxg6 Re7 32.
gxh7+ Rxh7 33. Be6+ Kh8 34. Ra1 Nc7 35. b5 Qxb5 36. Qxb5 Nxb5 37. Bg5 Rc7
38. Bf6+ Kh7 39. Ra8 Bg7 40. Bf5+ Kh6 41. Bd8 Rf7 42. Be6 Rf8 43. Rb8 Nd4
44. Bc7 Rxb8 45. Bxb8 Nxe6 46. dxe6 Bf8 47. Bc7 Be7 48. f4 exf4 49. gxf4
Kg6 1/2-1/2

[Event "2nd President's Cup"]
[Site "Baku AZE"]
[Date "2007.05.07"]
[Round "5"]
[White "Kadimova,I"]
[Black "Akhmedov,F"]
[Result "1/2-1/2"]
[WhiteElo "2339"]
[BlackElo "2265"]
[EventDate "2007.05.03"]

1. d4 Nf6 2. c4 g6 3. Nc3 Bg7 4. e4 d6 5. Be2 O-O 6. Nf3 e5 7. Be3 Nc6 8.
d5 Ne7 9. Nd2 Nd7 10. b4 f5 11. f3 f4 12. Bf2 Nf6 13. c5 g5 14. cxd6 cxd6
15. Nc4 Ne8 16. Nb5 b6 17. a4 Rf6 18. Nc3 Bd7 19. b5 Nc7 20. Qb3 Nc8 21. a5
Rb8 22. axb6 axb6 23. Na3 h5 24. h3 Rg6 25. Nc2 g4 26. hxg4 hxg4 27. Nb4
Rb7 28. Nc6 Qg5 29. Qc4 Bf6 30. Nb8 g3 31. Bg1 Be8 32. Nc6 Rg7 33. Ra3 Qg6
34. Qa2 Qf7 35. Bc4 Qd7 36. Ke2 Bf7 37. Kd3 Bg5 38. Kc2 Bf6 39. Kb3 Bg5 40.
Kb4 Bf6 41. Kb3 Bg5 42. Kb4 Bf6 43. Ra6 Bd8 44. Ra3 Bg5 45. Kb3 1/2-1/2

[Event "2nd President's Cup"]
[Site "Baku AZE"]
[Date "2007.05.07"]
[Round "5"]
[White "Hasanov,R"]
[Black "Purtseladze,M"]
[Result "1-0"]
[WhiteElo "2147"]
[BlackElo "2348"]
[EventDate "2007.05.03"]

1. e4 c6 2. d4 d5 3. Nc3 dxe4 4. Nxe4 Bf5 5. Ng3 Bg6 6. h4 h6 7. Nf3 Nd7 8.
h5 Bh7 9. Bd3 Bxd3 10. Qxd3 e6 11. Bd2 Ngf6 12. O-O-O Be7 13. Ne4 Nxe4 14.
Qxe4 Nf6 15. Qd3 O-O 16. g4 Nxg4 17. Rhg1 f5 18. Qe2 Qd5 19. c4 Qd6 20. Ne5
Nxe5 21. dxe5 Qc5 22. Bxh6 Rf7 23. Rg6 Rd8 24. Rdg1 Bf8 25. Rxe6 Rd4 26.
Kb1 Re4 27. Be3 Qxc4 28. Qxc4 Rxc4 29. Bxa7 f4 30. h6 Re4 31. Re8 g6 32. e6
Rf6 33. Bc5 Rexe6 34. Rxf8+ Rxf8 35. h7+ Kxh7 36. Bxf8 b6 37. Rh1+ Kg8 38.
Bh6 Re4 39. f3 Rd4 40. Rh4 Rd5 41. Bxf4 Rf5 42. Be3 1-0

[Event "2nd President's Cup"]
[Site "Baku AZE"]
[Date "2007.05.07"]
[Round "5"]
[White "Rasulov,V"]
[Black "Baladjaev,G"]
[Result "1-0"]
[WhiteElo "2271"]
[BlackElo "2158"]
[EventDate "2007.05.03"]

1. e4 g6 2. d4 Bg7 3. Nc3 d6 4. Be3 Nd7 5. Be2 e5 6. Nf3 Ne7 7. Qd2 O-O 8.
h4 h5 9. O-O-O a6 10. dxe5 dxe5 11. g4 hxg4 12. Ng5 b5 13. h5 Qe8 14. hxg6
Nxg6 15. Nd5 Rb8 16. Bxg4 c6 17. f3 cxd5 18. Bxd7 Qxd7 19. Qh2 Re8 20. Qh7+
Kf8 21. Bc5+ Re7 22. Rxd5 Qe8 23. Rhd1 Be6 24. Nxe6+ fxe6 25. Rd7 Kf7 26.
Bxe7 Nxe7 27. Rg1 Qh8 28. Rxg7+ 1-0

[Event "2nd President's Cup"]
[Site "Baku AZE"]
[Date "2007.05.07"]
[Round "5"]
[White "Mammadov,F"]
[Black "Oroudzhov,A"]
[Result "1-0"]
[WhiteElo "2222"]
[BlackElo "2096"]
[EventDate "2007.05.03"]

1. e4 e5 2. Ne2 Nf6 3. Nbc3 d5 4. exd5 Nxd5 5. d3 Be6 6. a3 Be7 7. g3 O-O
8. Bg2 c6 9. O-O Nd7 10. b4 Qc7 11. Bb2 f5 12. Re1 N5f6 13. d4 e4 14. f3
exf3 15. Nf4 Bf7 16. Qxf3 Bd6 17. Ne6 Bxe6 18. Rxe6 f4 19. g4 Rae8 20. Rae1
Ne5 21. R6xe5 Bxe5 22. dxe5 Rxe5 23. Ne4 Nxe4 24. Rxe4 Rxe4 25. Qxe4 Qd7
26. Bf3 a6 27. Be2 Re8 28. Bc4+ Kh8 29. Qxf4 Qd1+ 30. Bf1 Qxc2 31. Qd4 Qg6
32. h3 Qf7 33. Bd3 Re1+ 34. Kg2 Qd5+ 35. Qxd5 cxd5 36. Kf2 Rh1 37. Bf1 1-0

[Event "2nd President's Cup"]
[Site "Baku AZE"]
[Date "2007.05.07"]
[Round "5"]
[White "Umudova,N"]
[Black "Abdullayev,A"]
[Result "1-0"]
[WhiteElo "2198"]
[BlackElo "2097"]
[EventDate "2007.05.03"]

1. e4 d5 2. exd5 Nf6 3. d4 Nxd5 4. c4 Nb6 5. c5 Nd5 6. Bc4 g6 7. Nc3 Nxc3
8. bxc3 Bg7 9. Nf3 O-O 10. O-O c6 11. Re1 Nd7 12. Qe2 Bf6 13. Bh6 Re8 14.
Bxf7+ Kh8 15. Bxe8 Qxe8 16. Bg5 Qf8 17. Bxf6+ exf6 18. Qe7 Kg8 19. Qxf8+
Nxf8 20. Re7 b6 21. Nd2 bxc5 22. Ne4 cxd4 23. Nxf6+ Kh8 24. cxd4 Bf5 25. g4
Be6 26. Rb1 Bc8 27. d5 c5 28. d6 1-0

[Event "2nd President's Cup"]
[Site "Baku AZE"]
[Date "2007.05.08"]
[Round "6"]
[White "Gelashvili,T"]
[Black "Zubarev,Al1"]
[Result "1/2-1/2"]
[WhiteElo "2605"]
[BlackElo "2511"]
[EventDate "2007.05.03"]

1. Nf3 c5 2. e3 Nf6 3. d4 g6 4. c4 Bg7 5. Nc3 O-O 6. Be2 cxd4 7. Nxd4 Nc6
8. O-O d6 9. b3 Bd7 10. Bb2 a6 11. Nd5 Nxd5 12. cxd5 Nxd4 13. Bxd4 Bxd4 14.
Qxd4 Rc8 15. Rac1 Qa5 16. a4 Rxc1 17. Rxc1 1/2-1/2

[Event "2nd President's Cup"]
[Site "Baku AZE"]
[Date "2007.05.08"]
[Round "6"]
[White "Shanava,K"]
[Black "Short,N"]
[Result "1/2-1/2"]
[WhiteElo "2532"]
[BlackElo "2691"]
[EventDate "2007.05.03"]

1. e4 e6 2. d4 d5 3. Nd2 c5 4. Ngf3 Nc6 5. exd5 exd5 6. Be2 Bd6 7. O-O Nge7
8. dxc5 Bxc5 9. Nb3 Bb6 10. Bg5 f6 11. Bf4 O-O 12. c4 Kh8 13. c5 Bc7 14.
Bxc7 Qxc7 15. Nfd4 Bd7 16. Rc1 Rad8 17. Re1 Ne5 18. f4 N5c6 19. Qd2 Nf5 20.
Bf3 a6 21. Nxf5 Bxf5 22. Nd4 Nxd4 23. Qxd4 Qd7 24. Re3 Rfe8 25. Rce1 Rxe3
26. Rxe3 h6 27. h3 Bb1 28. a3 f5 29. Re5 Be4 30. Bxe4 fxe4 31. f5 Qf7 32.
Rxe4 dxe4 33. Qxd8+ Kh7 34. Qc8 Qd5 35. Qe6 Qxc5+ 36. Kh2 Qc7+ 37. Kg1 Qc1+
38. Kh2 Qc7+ 1/2-1/2

[Event "2nd President's Cup"]
[Site "Baku AZE"]
[Date "2007.05.08"]
[Round "6"]
[White "Savchenko,S"]
[Black "Sadvakasov,D"]
[Result "1/2-1/2"]
[WhiteElo "2545"]
[BlackElo "2618"]
[EventDate "2007.05.03"]

1. d4 Nf6 2. c4 e6 3. Nc3 Bb4 4. Qc2 d5 5. cxd5 Qxd5 6. e3 c5 7. Bd2 Bxc3
8. Bxc3 cxd4 9. Bxd4 Nc6 10. Bxf6 gxf6 11. Ne2 Bd7 12. a3 Qe5 13. Rd1 f5
14. Qc3 Rg8 15. g3 Qe4 16. Rg1 Rc8 17. Bg2 Qe5 18. f4 Qxc3+ 19. Nxc3 Na5
20. Rd4 Ke7 21. Kf2 Nc4 22. Bxb7 Rc7 23. Ba6 Nxb2 24. Rc1 Rc5 25. Rb1 Rxc3
26. Rxb2 Bc6 27. Rc4 Rxc4 28. Bxc4 Rc8 29. Ba6 Rd8 30. Be2 Kf6 31. h3 Be4
32. g4 h6 33. Bf3 Bxf3 34. Kxf3 fxg4+ 35. hxg4 Rd6 36. a4 Ra6 37. Rb4 Ra5
38. Kg3 Kg6 39. Kh4 h5 40. g5 Rc5 41. Rb8 Ra5 42. Rb4 Rc5 1/2-1/2

[Event "2nd President's Cup"]
[Site "Baku AZE"]
[Date "2007.05.08"]
[Round "6"]
[White "Miezis,N"]
[Black "Fedorov,Alex"]
[Result "0-1"]
[WhiteElo "2521"]
[BlackElo "2611"]
[EventDate "2007.05.03"]

1. c4 g6 2. Nc3 Bg7 3. g3 Nf6 4. Bg2 d6 5. e4 c5 6. Nge2 Nc6 7. a3 Bg4 8.
h3 Bxe2 9. Nxe2 O-O 10. Rb1 Rb8 11. O-O b5 12. cxb5 Rxb5 13. d4 Nd7 14.
dxc5 Nxc5 15. b4 Ne6 16. Be3 Qd7 17. f4 a5 18. Qd3 Rfb8 19. bxa5 Nxa5 20.
f5 Nf8 21. Rxb5 Qxb5 22. Qxb5 Rxb5 23. Bg5 Nc6 24. Rc1 h6 25. Be3 Rb3 26.
Bf2 Ne5 27. Rc7 e6 28. Nf4 Rxa3 29. Rc8 exf5 30. exf5 gxf5 31. Nd5 Neg6 32.
h4 h5 33. Bf1 Be5 34. Be2 Kg7 35. Kg2 Ne6 36. Bxh5 f4 37. Bxg6 fxg3 38.
Bxf7 Kxf7 39. Bg1 Rd3 40. Ne3 Bd4 41. Kf3 d5 42. Ke2 Nf4+ 43. Kf3 Nh3 44.
Kg4 Nxg1 45. Rc7+ Ke6 46. Nf5 Be5 47. Rc6+ Kd7 48. Rc2 Nf3 49. Ra2 Nd4 50.
Nh6 Re3 51. Nf7 Re4+ 52. Kh3 Nf5 53. Ra7+ Bc7 54. h5 Kc8 55. h6 Rh4+ 56.
Kg2 Rh2+ 57. Kf3 Nxh6 0-1

[Event "2nd President's Cup"]
[Site "Baku AZE"]
[Date "2007.05.08"]
[Round "6"]
[White "Mamedov,Rau"]
[Black "Gasanov,E"]
[Result "1-0"]
[WhiteElo "2584"]
[BlackElo "2486"]
[EventDate "2007.05.03"]

1. e4 c5 2. Nf3 Nc6 3. d4 cxd4 4. Nxd4 Nf6 5. Nc3 d6 6. Bc4 e5 7. Nf3 Be7
8. Bg5 O-O 9. Bxf6 Bxf6 10. O-O Be6 11. Bb3 Rc8 12. Nd5 Bg5 13. Qd3 Kh8 14.
Rad1 f5 15. Nc3 Bxb3 16. axb3 Be7 17. exf5 Qd7 18. Nd5 Qxf5 19. Qxf5 Rxf5
20. Rfe1 Kg8 21. c3 Kf7 22. b4 a6 23. Nd2 Ke6 24. Ne4 Rd8 25. Rd3 h6 26.
Red1 Bf8 27. b5 Nd4 28. Nc7+ Kd7 29. b6 Ne2+ 30. Kf1 Nf4 31. Rf3 g6 32. g3
Ne6 33. Rfd3 Nxc7 34. Nxd6 e4 35. Nxe4+ Nd5 36. g4 Re5 37. Rxd5+ Rxd5 38.
Rxd5+ Ke7 39. Rxd8 Kxd8 40. c4 Kd7 41. c5 g5 42. b4 Kc6 43. Ke2 Bg7 44. Kd3
Be5 45. Kc4 Bxh2 46. Nf6 Bg1 47. f3 Be3 48. Ng8 Bc1 49. Nxh6 Be3 50. Nf5
Bd2 51. Nd4+ Kd7 52. Nb3 Be1 53. Na5 Kc8 54. Nb3 Kd7 55. b5 a5 56. Nd4 a4
57. c6+ Kc8 58. Nf5 1-0

[Event "2nd President's Cup"]
[Site "Baku AZE"]
[Date "2007.05.08"]
[Round "6"]
[White "Mamedov,Nid"]
[Black "Mamedjarova,Z"]
[Result "1-0"]
[WhiteElo "2547"]
[BlackElo "2354"]
[EventDate "2007.05.03"]

1. e4 e5 2. Nf3 d6 3. d4 exd4 4. Nxd4 Nf6 5. Nc3 Be7 6. Be2 O-O 7. O-O Re8
8. Re1 Bf8 9. Bf1 h6 10. Bf4 Nbd7 11. Qd2 Nc5 12. f3 Nfd7 13. Rad1 Ne5 14.
Kh1 a5 15. Nd5 Ne6 16. Bxe5 dxe5 17. Nb5 c6 18. Ndc7 Nxc7 19. Qxd8 Rxd8 20.
Nxc7 Rxd1 21. Rxd1 Ra7 22. Rd8 Be6 23. Nxe6 fxe6 24. Rd7 Kh7 25. Bc4 Kg6
26. Bxe6 Kf6 27. Bc4 Bc5 28. a4 Bd4 29. Rd6+ Ke7 30. Re6+ Kf8 31. c3 Be3
32. Rxe5 b5 33. axb5 Rd7 34. Rf5+ Ke8 35. h4 Rd1+ 36. Kh2 g6 37. Rf6 cxb5
38. Bxb5+ Ke7 39. Rxg6 1-0

[Event "2nd President's Cup"]
[Site "Baku AZE"]
[Date "2007.05.08"]
[Round "6"]
[White "Bayramov,V"]
[Black "Van Wely,L"]
[Result "0-1"]
[WhiteElo "2298"]
[BlackElo "2674"]
[EventDate "2007.05.03"]

1. d4 Nf6 2. Nf3 e6 3. Bg5 c5 4. e3 h6 5. Bh4 Qb6 6. Qc1 Nc6 7. Bxf6 gxf6
8. c3 d5 9. Nbd2 f5 10. g3 Bd7 11. Bg2 Rc8 12. O-O Be7 13. dxc5 Qxc5 14.
Nb3 Qb6 15. Nbd4 Bf6 16. Ne2 Na5 17. Nf4 Nc4 18. Nh5 Be7 19. Rb1 Qc7 20.
Rd1 b5 21. a3 a5 22. Ra1 Qb6 23. Qb1 Rg8 24. h4 Rc7 25. Nd4 Kd8 26. Qc2 Kc8
27. Rab1 Kb8 28. Qe2 Bc8 29. a4 b4 30. Nb5 Rb7 31. b3 Ne5 32. c4 dxc4 33.
bxc4 Rd7 34. Rxd7 Bxd7 35. Nf4 Rc8 36. Rc1 Bxb5 37. axb5 a4 38. Nd3 Nxd3
39. Qxd3 b3 40. Rb1 Bf6 41. Qd1 Rxc4 42. Bc6 Qd8 43. Qe2 Rc3 44. Qh5 Qf8
45. Qd1 Qe7 46. Kg2 Kc7 47. Bf3 Kb6 0-1

[Event "2nd President's Cup"]
[Site "Baku AZE"]
[Date "2007.05.08"]
[Round "6"]
[White "Balogh,C"]
[Black "Paichadze,L"]
[Result "1-0"]
[WhiteElo "2617"]
[BlackElo "2392"]
[EventDate "2007.05.03"]

1. e4 c6 2. d4 d5 3. e5 Bf5 4. h4 h5 5. c4 e6 6. Nc3 Be7 7. cxd5 cxd5 8.
Bd3 Bxd3 9. Qxd3 Nh6 10. Bxh6 Rxh6 11. Nf3 a6 12. g3 Nc6 13. O-O Kf8 14. a3
g6 15. Rac1 Kg7 16. b4 Rh8 17. Na4 Rc8 18. Nc5 Bxc5 19. Rxc5 Nb8 20. Rfc1
Rxc5 21. bxc5 b6 22. cxb6 Qxb6 23. Ng5 Nd7 24. Qf3 Rf8 25. Rc8 Qb1+ 26. Kg2
Qf5 27. Qxf5 gxf5 28. Rc7 Rd8 29. Ra7 Kf8 30. Rxa6 Rc8 31. Ra7 Ke8 32. Nxf7
Kxf7 33. Rxd7+ Kf8 34. Kf3 Rc4 35. Kf4 Rxd4+ 36. Kg5 Ke8 37. Ra7 Rc4 38.
Kxh5 Rc8 39. Kg6 d4 40. h5 1-0

[Event "2nd President's Cup"]
[Site "Baku AZE"]
[Date "2007.05.08"]
[Round "6"]
[White "Morchiashvili,B"]
[Black "Zinchenko,Ya"]
[Result "1/2-1/2"]
[WhiteElo "2396"]
[BlackElo "2513"]
[EventDate "2007.05.03"]

1. d4 Nf6 2. c4 g6 3. Nc3 d5 4. Bg5 Ne4 5. Bh4 c5 6. cxd5 Nxc3 7. bxc3 Qxd5
8. e3 Nc6 9. Qf3 Qf5 10. Bb5 Bd7 11. Qxf5 gxf5 12. Nf3 e6 13. O-O Be7 14.
Bg3 f6 15. Be2 Rc8 16. Nd2 Na5 17. Nb3 Nxb3 18. axb3 cxd4 19. cxd4 a6 20.
Bh5+ Kd8 21. Bf3 Bc6 22. Bxc6 Rxc6 23. Rfc1 Kd7 24. Rxc6 Kxc6 25. Rc1+ Kb6
26. Rc7 Re8 27. Rd7 Kc6 28. Rc7+ Kb6 29. Rd7 h5 30. h4 Kc6 31. Rc7+ Kb6 32.
Rd7 a5 33. d5 e5 34. Kf1 Bc5 35. Rh7 Be7 36. f3 Kc5 37. Be1 b6 38. Rxh5
Kxd5 39. Rxf5 Ra8 40. h5 b5 41. h6 a4 42. bxa4 bxa4 43. Bc3 Kc4 44. Ba1 Kb3
45. h7 Rh8 46. Rh5 Ka2 47. Bc3 Kb3 48. Ba1 Bb4 49. Kf2 Bc3 50. Bxc3 Kxc3
51. Rh6 a3 52. Rxf6 a2 53. Ra6 Kb2 54. Rb6+ Kc2 55. Rc6+ Kb2 56. Rb6+ Kc2
57. Ra6 Kb2 58. f4 Rxh7 59. Kf3 exf4 60. exf4 Rh1 61. g4 a1=Q 62. Rxa1 Rxa1
63. g5 Kc3 64. Ke4 Ra4+ 65. Ke5 Ra5+ 66. Kf6 Kd4 67. g6 Ke4 68. g7 Ra6+ 69.
Kf7 Ra7+ 70. Kf6 Rxg7 71. Kxg7 Kxf4 1/2-1/2

[Event "2nd President's Cup"]
[Site "Baku AZE"]
[Date "2007.05.08"]
[Round "6"]
[White "Bregadze,L"]
[Black "Andreev,Ed UKR"]
[Result "1/2-1/2"]
[WhiteElo "2302"]
[BlackElo "2433"]
[EventDate "2007.05.03"]

1. d4 Nf6 2. c4 e6 3. Nf3 c5 4. e3 cxd4 5. exd4 d5 6. Nc3 Bb4 7. Bd3 dxc4
8. Bxc4 O-O 9. O-O Nbd7 10. Bg5 Bxc3 11. bxc3 Qc7 12. Qe2 b6 13. Rac1 Bb7
14. Bd3 Rfe8 15. Rfe1 Rac8 16. Ne5 Nxe5 17. dxe5 Qc6 18. Qf1 Nd7 19. Rcd1
Qxc3 20. Bb5 Nxe5 21. Re3 Qc5 22. Bxe8 Rxe8 23. Be7 Qxe7 24. Rxe5 g6 25. h3
1/2-1/2

[Event "2nd President's Cup"]
[Site "Baku AZE"]
[Date "2007.05.08"]
[Round "6"]
[White "Sanikidze,T"]
[Black "Isgandarova,K"]
[Result "1-0"]
[WhiteElo "2426"]
[BlackElo "2155"]
[EventDate "2007.05.03"]

1. d4 Nf6 2. c4 g6 3. Nc3 Bg7 4. e4 d6 5. f3 O-O 6. Be3 Nc6 7. Nge2 a6 8.
Qd2 Rb8 9. h4 h5 10. Nc1 e5 11. d5 Nd4 12. N1e2 c5 13. dxc6 bxc6 14. Nxd4
exd4 15. Bxd4 d5 16. cxd5 cxd5 17. e5 Nd7 18. f4 f6 19. e6 Re8 20. f5 Ne5
21. Be2 gxf5 22. O-O Bxe6 23. Bxh5 Re7 24. Ne2 Qd6 25. Nf4 Bh6 26. Qf2 Rg7
27. Nxe6 Qxe6 28. Qxf5 Qxf5 29. Rxf5 Rb4 30. Bf2 Ng4 31. Bxg4 Rbxg4 32.
Rxf6 Rxg2+ 33. Kf1 R2g6 34. Rxg6 Rxg6 35. Rd1 Bg7 36. b3 Rd6 37. Ke2 Kf7
38. Kd3 Re6 39. Bd4 Bf8 40. Rf1+ Ke8 41. Rf5 Be7 42. h5 Rd6 43. Re5 1-0

[Event "2nd President's Cup"]
[Site "Baku AZE"]
[Date "2007.05.08"]
[Round "6"]
[White "Lomsadze,D"]
[Black "Babaev,Ra"]
[Result "1-0"]
[WhiteElo "2268"]
[BlackElo "2510"]
[EventDate "2007.05.03"]

1. e4 c5 2. Nc3 d6 3. f4 Nc6 4. Nf3 g6 5. Bb5 Bd7 6. O-O Bg7 7. d3 a6 8.
Bxc6 Bxc6 9. Qe1 Qd7 10. a3 Nh6 11. Rb1 f5 12. Nd5 Rb8 13. b4 cxb4 14. Nb6
Qd8 15. Qxb4 Bb5 16. Nd5 e6 17. c4 Bd7 18. Qxd6 exd5 19. exd5 Ng4 20. Ng5
Bd4+ 21. Kh1 Qxg5 22. fxg5 Rc8 23. Rxb7 1-0

[Event "2nd President's Cup"]
[Site "Baku AZE"]
[Date "2007.05.08"]
[Round "6"]
[White "Abdulov,Or"]
[Black "Rustemov,A"]
[Result "0-1"]
[WhiteElo "2271"]
[BlackElo "2557"]
[EventDate "2007.05.03"]

1. e4 e6 2. d4 d5 3. Nd2 dxe4 4. Nxe4 Bd7 5. Nf3 Bc6 6. Bd3 Nd7 7. c3 Ngf6
8. Ng3 Bd5 9. O-O c5 10. Ne5 cxd4 11. cxd4 Be7 12. Be3 O-O 13. f4 g6 14.
Qe2 Rc8 15. a3 Bb3 16. Rac1 Rxc1 17. Rxc1 Nd5 18. Bd2 N7f6 19. Ne4 Nxe4 20.
Bxe4 Qb6 21. Qd3 Rd8 22. Bf3 Bf6 23. Kh1 Ne7 24. Bb4 Bd5 25. Ng4 Bh4 26.
Bxd5 Nxd5 27. Qh3 Nxb4 28. Qxh4 Nd5 29. Rc5 h5 30. Ne5 Kg7 31. b4 Qa6 32.
Kg1 Qe2 33. h3 f6 34. Nf3 b6 35. Rc6 Rd7 36. Qf2 Qe4 37. Qe1 Qxe1+ 38. Nxe1
Nxf4 39. Nf3 Kf7 40. Kf2 g5 41. b5 h4 42. Rc2 Ke7 43. Ke3 Nd5+ 44. Ke4 a6
45. bxa6 Ra7 46. Rb2 Rxa6 47. Rb3 Ra7 48. Nd2 Rc7 49. g3 hxg3 50. Rxg3 Rc2
51. Kd3 Rc3+ 0-1